El legado de María Curie /
Saved in:
| Main Author: | |
|---|---|
| Format: | Text |
| Tags: |
Add Tag
No Tags, Be the first to tag this record!
|
MARC
| LEADER | 00000 a a2200000 04500 | ||
|---|---|---|---|
| 001 | 45671 | ||
| 003 | |||
| 040 | |||
| 100 | |a Aguirre Quiroz, Gabriela | ||
| 245 | |a El legado de María Curie / |c Gabriela Aguirre Quiroz | ||
| 773 | |g número501 (2012), página 47-54 | ||
| 999 | |c 21779 |d 21779 | ||
